| 000 | 00885nam a22002537a 4500 | ||
|---|---|---|---|
| 003 | LK-CoMWRAF | ||
| 005 | 20231030105629.0 | ||
| 008 | 230923b1995 |||||||| |||| 00| 0 eng d | ||
| 020 | _a0813388945 | ||
| 040 |
_aLK-CoMWRAF _dLK-CoMWRAF _eLK-CoMWRAF |
||
| 041 | _aeng | ||
| 082 |
_a338.6 _bWOM |
||
| 245 | _aWomen in micro- and small-scale enterprise development | ||
| 260 |
_aLondon: _bIT publications, _c1995 |
||
| 300 |
_aviii, 282 p. ; 24 cm. _bBibliography and index included |
||
| 650 | _aBUSINESSWOMEN-Developing countries -- Case studies | ||
| 650 | _a WOMEN-OWNED BUSINESS ENTERPRISES- Developing countries-Case studies | ||
| 650 | _aSmall business -- Developing countries | ||
| 650 | _aEntrepreneurship -- Developing countries | ||
| 650 | _aWomen in development -- Case studies | ||
| 700 |
_a Dignard, Louise, _eed. |
||
| 700 |
_aHavet, José _eed. |
||
| 942 | _cBK | ||
| 999 |
_c3633 _d3633 |
||